| 000 | 00610 a2200181 4500 | ||
|---|---|---|---|
| 003 | Nust | ||
| 005 | 20170207153209.0 | ||
| 040 | _cNust | ||
| 082 | _a005.1 | ||
| 100 | _aIqbal, Arshad (MSCS-7) | ||
| 245 |
_aTransient topology fluctuations due to fast moving nodes in mobile AD Hoc Networks _cArshad Iqbal |
||
| 260 |
_bMCS, NUST _c2005 _aRawalpindi |
||
| 300 | _aix, 88, p.; | ||
| 505 | _aIntroduction (page-1) OLSR protocol (page-8) Fast moving nodes (page-45) Algorithm design and analysis (page-68) Conclusions (page-83) | ||
| 538 | _aAlmirah No 73 Shelf No 1 | ||
| 650 | _aPG Thesis | ||
| 651 | _aMSCS-7 | ||
| 942 | _cTHS | ||
| 999 |
_c181301 _d181301 |
||